2001-1973 Dizeleri (Toplu Şiirler) (Record no. 903)

000 -LEADER
fixed length control field 00418nam a22001577a 4500
008 - FIXED-LENGTH DATA ELEMENTS--GENERAL INFORMATION
fixed length control field 170612b xxu||||| |||| 00| p tur d
020 ## - INTERNATIONAL STANDARD BOOK NUMBER
International Standard Book Number 9756511192
041 ## - LANGUAGE CODE
Language code of text/sound track or separate title Türkçe
050 ## - LIBRARY OF CONGRESS CALL NUMBER
Classification number PL234.A46
100 ## - MAIN ENTRY--PERSONAL NAME
9 (RLIN) 311
Personal name Erdal Alova
245 ## - TITLE STATEMENT
Title 2001-1973 Dizeleri (Toplu Şiirler)
Statement of responsibility, etc. Erdal Alova
260 ## - PUBLICATION, DISTRIBUTION, ETC.
Place of publication, distribution, etc. İstanbul
Name of publisher, distributor, etc. Donkişot Yayınları
Date of publication, distribution, etc. 2003
300 ## - PHYSICAL DESCRIPTION
Extent 175 sayfa
650 #0 - SUBJECT ADDED ENTRY--TOPICAL TERM
9 (RLIN) 145
Topical term or geographic name entry element Türk Edebiyatı
942 ## - ADDED ENTRY ELEMENTS (KOHA)
Source of classification or shelving scheme
Koha item type Books
Holdings
Withdrawn status Lost status Source of classification or shelving scheme Damaged status Not for loan Permanent Location Current Location Shelving location Date acquired Full call number Barcode Date last seen Price effective from Koha item type
        Ödünç verilemez İmren Ahmet Tüzün Kütüphanesi İmren Ahmet Tüzün Kütüphanesi Ahmet Tüzün 2017-08-02 PL234.A46 100100000888 2017-08-02 2017-08-02 Books

This software was implemented, installed and managed by Devinim Software Training Consulting .